000 00574nam a2200193Ia 4500
005 20250508163912.0
008 008 250505s9999 xx 000 0 eng d
037 _aTextual
040 _aFEDL
_beng
_cFEDL
041 _aeng
_2eng
084 _a305.4, KRI
_qFEDL
100 _aKrishna Rajvir
_9776728
245 0 _aZamindar's bahu : The saga of a daughter-in-law in feudal India
260 _aNew Delhi, India
_bHarman Publishing House
_c2001
300 _a263p.
650 _aSocial Structure
942 _cTEXL
_h305.4, KRI
999 _c1385881
_d1385881